Countries with at least two N's Quiz Stats

Quiz not verified by Sporcle

Challenge
Share
Tweet
Embed
Score 0/24 Timer 06:00
0 Plays Today
Country % Correct
United Kingdom
86.6%
New Zealand
81.6%
Argentina
76.5%
Afghanistan
76%
St. Kitts and Nevis
74.5%
St. Vincent and The Grenadines
74.5%
Netherlands
74%
Indonesia
71.1%
Bosnia and Herzegovina
70.6%
Finland
69.8%
Turkmenistan
69.6%
Trinidad and Tobago
69.1%
Country % Correct
Antigua and Barbuda
68.3%
Central African Republic
64.3%
Tanzania
61.9%
Dominican Republic
60.3%
San Marino
59.9%
Montenegro
58.4%
Solomon Islands
58.3%
Liechtenstein
57.1%
Benin
56.9%
Papua New Guinea
56.6%
Lebanon
55.8%
Sao Tome and Principe
47.4%

You're not logged in!

Compare scores with friends on all Sporcle quizzes.
Sign Up with Email
OR
Log In

You Might Also Like...

Show Comments

Extras

Top Quizzes Today


Score Distribution

Your Account Isn't Verified!

In order to create a playlist on Sporcle, you need to verify the email address you used during registration. Go to your Sporcle Settings to finish the process.